Datum a čas kvízu
25
Celkem bodů
Celkový počet nahraných bodů na tomto kvízu bez doplňovacích otázek.
13.
Pořadí na kvízu
Konečné umístění týmu na tomto kvízu.
Zaznamenané odpovědi
| # | Otázka | Odpověď | Body | Výsledky |
|---|---|---|---|---|
| 1. | Co bylo hlavní motivací kavárn... | C | 0 | |
| 2. | Kterým dvěma politikům praskla... | Andrej Babiš, Emmanuel Macron | 0.5 | |
| 3. | Který hororový snímek získal v... | Hříšníci/Sinners | 0 | |
| 4. | Nápojářská skupina Kofola zaví... | Nobilis Tilia | 1 | |
| 5. | Ve kterém sportu povede nově č... | A | 0 | |
| 6. | Jak se jmenuje italský horolez... | Reinhold Messner | 0 | |
| 7. | Jak se trojslovně jmenuje disc... | lezení na obtížnost | 0 | |
| 8. | Jak se jedním slovem nazývá ho... | mačky | 0 | |
| 9. | Po půl bodu můžete získat, kdy... | El Capitan, Yosemite | 0.5 | |
| 10. | Jak se jmenuje fenomenální slo... | B) Janja Garnbret | 0 |